| 000 | 00336 a2200133 4500 | ||
|---|---|---|---|
| 005 | 20250623115634.0 | ||
| 020 | _a0-19-926128-8 | ||
| 082 | _aLM 345 CAS | ||
| 100 | _aCASSESE, A. | ||
| 245 | _aInternational Criminal Law | ||
| 260 |
_aNew York, _bOxford University Press, _c2003. |
||
| 300 |
_alvi, 472p. _bIndex. _c25cm. |
||
| 942 |
_2ddc _cBKS |
||
| 999 |
_c3788 _d3788 |
||